00693nam a2200205Ia 450000500170000000800410001702000220005804100080008008200150008810000200010324500800012326000330020330000090023650000290024570000200027490600070029494200070030199900170030895201620032520251113135237.0230125s9999 xx 000 0 und d a978-0-07-070367-4 aeng a158.1bRAO aRao S S9214826 aHappiness At WorkbBe Resilient, Motivated, and Successful - No Matter What c2013bMcGraw-HillaNew Delhi a235p aPersonality Development, aRao S S9214826 b85 cBK c93385d93385 00104070aHIMRbHIMRd2015-03-31ePritam Book Centreg370.00i9416l0o158.1 RAO B13480pHIMR-BK-13480r2023-01-25 00:00:00v285.00w2015-03-14yBKzB13480